000 00804cab a2200253 4500
001 WB3345-12
008 090401t1997 xxu||||| |||| 00| 0 eng d
035 _a(Sirsi) u82215
041 _aeng
245 _aDuke to sell London properties
260 _c1997
350 _a0
490 _aFinancial Times
_v19 November 1997, 13(1)
520 _aThe business of the Duke of Westminster, Grosvenor Estate Holdings, is to sell a portfolio of some of London`s most prestigious properties for the first time.
650 _aBELGRAVIA
650 _aDUKE OF WESTMINSTER
650 _aGROSVENOR ESTATE HOLDINGS
650 _aLONDON
650 _aMAYFAIR
650 _aPORTFOLIO INVESTMENT
690 _aPROPERTY-COMMERCIAL PROPERTY-COMMERCIAL PROPERTY MARKET
942 _n0
948 _c19/11/1997
999 _c51867
_d51867